| 000 | 00481nam a2200205Ia 4500 | ||
|---|---|---|---|
| 003 | OSt | ||
| 005 | 20220802142719.0 | ||
| 008 | 210210b1878 xxu||||| |||| 00| 0 eng d | ||
| 040 | _cAL | ||
| 041 | _aeng | ||
| 082 | _a516/12 | ||
| 100 |
_aBRIGGS _954350 |
||
| 245 | _aElements of dynamics books I to III | ||
| 260 |
_aLondon _bMacmillan & Co. Ltd _c1878 |
||
| 650 |
_ato _954351 |
||
| 690 |
_astatics _954352 |
||
| 700 |
_aBRYAN _954353 |
||
| 906 | _a007729 | ||
| 942 |
_2ddc _cBK |
||
| 999 |
_c140347 _d140347 |
||